<?xml version="1.0" encoding="UTF-8"?>
<record
    xmlns:xsi="http://www.w3.org/2001/XMLSchema-instance"
    xsi:schemaLocation="http://www.loc.gov/MARC21/slim http://www.loc.gov/standards/marcxml/schema/MARC21slim.xsd"
    xmlns="http://www.loc.gov/MARC21/slim">

  <leader>03007    a2200337   4500</leader>
  <controlfield tag="003">NALT</controlfield>
  <controlfield tag="005">20240916114252.0</controlfield>
  <controlfield tag="008">240308b        th ||||| |||| 00| 0 tha d</controlfield>
  <datafield tag="020" ind1=" " ind2=" ">
    <subfield code="a">9786161852085</subfield>
  </datafield>
  <datafield tag="040" ind1=" " ind2=" ">
    <subfield code="a">NALT</subfield>
  </datafield>
  <datafield tag="041" ind1="1" ind2=" ">
    <subfield code="a">tha</subfield>
    <subfield code="h">eng</subfield>
  </datafield>
  <datafield tag="050" ind1=" " ind2=" ">
    <subfield code="a">HM 806</subfield>
    <subfield code="b">&#xE2E;352&#xE2E; 2565</subfield>
  </datafield>
  <datafield tag="100" ind1="1" ind2=" ">
    <subfield code="a">&#xE2E;&#xE32;&#xE40;&#xE21;&#xE25;, &#xE41;&#xE01;&#xE23;&#xE35;&#xE48;.</subfield>
    <subfield code="9">51057</subfield>
  </datafield>
  <datafield tag="245" ind1="1" ind2="0">
    <subfield code="a">Humanocracy &#xE42;&#xE21;&#xE40;&#xE14;&#xE25;&#xE01;&#xE32;&#xE23;&#xE17;&#xE33;&#xE07;&#xE32;&#xE19;&#xE41;&#xE1A;&#xE1A;&#xE43;&#xE2B;&#xE21;&#xE48;&#xE17;&#xE35;&#xE48;&#xE2B;&#xE31;&#xE27;&#xE43;&#xE08;&#xE04;&#xE37;&#xE2D; "&#xE04;&#xE19;" /</subfield>
    <subfield code="c">&#xE41;&#xE01;&#xE23;&#xE35;&#xE48; &#xE2E;&#xE32;&#xE40;&#xE21;&#xE25; &#xE41;&#xE25;&#xE30;&#xE21;&#xE34;&#xE40;&#xE04;&#xE40;&#xE25; &#xE0B;&#xE32;&#xE19;&#xE35;&#xE19;&#xE35;&#xE48;, &#xE40;&#xE02;&#xE35;&#xE22;&#xE19; ; &#xE2A;&#xE38;&#xE27;&#xE34;&#xE0A;&#xE0A;&#xE32; &#xE08;&#xE31;&#xE19;&#xE17;&#xE23;, &#xE41;&#xE1B;&#xE25;.</subfield>
  </datafield>
  <datafield tag="246" ind1="1" ind2="8">
    <subfield code="a">Humanocracy : </subfield>
    <subfield code="b">creating organizations as amazing as the people inside them.</subfield>
  </datafield>
  <datafield tag="250" ind1=" " ind2=" ">
    <subfield code="a">&#xE1E;&#xE34;&#xE21;&#xE1E;&#xE4C;&#xE04;&#xE23;&#xE31;&#xE49;&#xE07;&#xE41;&#xE23;&#xE01;.</subfield>
  </datafield>
  <datafield tag="260" ind1=" " ind2=" ">
    <subfield code="a">&#xE01;&#xE23;&#xE38;&#xE07;&#xE40;&#xE17;&#xE1E;&#xE2F; : </subfield>
    <subfield code="b">&#xE2D;&#xE21;&#xE23;&#xE34;&#xE19;&#xE17;&#xE23;&#xE4C;&#xE2E;&#xE32;&#xE27;&#xE17;&#xE39; &#xE2D;&#xE21;&#xE23;&#xE34;&#xE19;&#xE17;&#xE23;&#xE4C;&#xE1E;&#xE23;&#xE34;&#xE49;&#xE19;&#xE15;&#xE34;&#xE49;&#xE07; &#xE41;&#xE2D;&#xE19;&#xE14;&#xE4C; &#xE1E;&#xE31;&#xE1A;&#xE25;&#xE34;&#xE0A;&#xE0A;&#xE34;&#xE48;&#xE07;, </subfield>
    <subfield code="c">2565.</subfield>
  </datafield>
  <datafield tag="300" ind1=" " ind2=" ">
    <subfield code="a">458 &#xE2B;&#xE19;&#xE49;&#xE32; : </subfield>
    <subfield code="b">&#xE20;&#xE32;&#xE1E;&#xE1B;&#xE23;&#xE30;&#xE01;&#xE2D;&#xE1A; ;</subfield>
    <subfield code="c">21 &#xE0B;&#xE21;.</subfield>
  </datafield>
  <datafield tag="505" ind1="0" ind2=" ">
    <subfield code="a">&#xE1A;&#xE17;&#xE19;&#xE33; -- &#xE2A;&#xE48;&#xE27;&#xE19;&#xE17;&#xE35;&#xE48; 1 : &#xE27;&#xE48;&#xE32;&#xE14;&#xE49;&#xE27;&#xE22;&#xE21;&#xE32;&#xE19;&#xE38;&#xE29;&#xE22;&#xE18;&#xE34;&#xE1B;&#xE44;&#xE15;&#xE22; -- &#xE21;&#xE19;&#xE38;&#xE29;&#xE22;&#xE4C;&#xE17;&#xE35;&#xE48;&#xE2A;&#xE21;&#xE1A;&#xE39;&#xE23;&#xE13;&#xE4C; -- &#xE1E;&#xE34;&#xE1E;&#xE32;&#xE01;&#xE29;&#xE32;&#xE2D;&#xE33;&#xE21;&#xE32;&#xE15;&#xE22;&#xE32;&#xE18;&#xE34;&#xE1B;&#xE44;&#xE15;&#xE22; -- &#xE2A;&#xE33;&#xE23;&#xE27;&#xE08;&#xE04;&#xE27;&#xE32;&#xE21;&#xE40;&#xE2A;&#xE35;&#xE22;&#xE2B;&#xE32;&#xE22; -- &#xE2A;&#xE48;&#xE27;&#xE19;&#xE17;&#xE35;&#xE48; 2 : &#xE21;&#xE32;&#xE19;&#xE38;&#xE29;&#xE22;&#xE18;&#xE34;&#xE1B;&#xE44;&#xE15;&#xE22;&#xE43;&#xE19;&#xE20;&#xE32;&#xE04;&#xE1B;&#xE0F;&#xE34;&#xE1A;&#xE31;&#xE15;&#xE34; -- &#xE19;&#xE39;&#xE04;&#xE2D;&#xE23;&#xE4C; : &#xE2A;&#xE23;&#xE49;&#xE32;&#xE07;&#xE04;&#xE19; &#xE44;&#xE21;&#xE48;&#xE43;&#xE0A;&#xE48;&#xE1C;&#xE25;&#xE34;&#xE15;&#xE20;&#xE31;&#xE13;&#xE11;&#xE4C; -- &#xE2E;&#xE32;&#xE22;&#xE40;&#xE2D;&#xE2D;&#xE23;&#xE4C; : &#xE17;&#xE38;&#xE01;&#xE04;&#xE19;&#xE04;&#xE37;&#xE2D;&#xE1C;&#xE39;&#xE49;&#xE1B;&#xE23;&#xE30;&#xE01;&#xE2D;&#xE1A;&#xE01;&#xE32;&#xE23; -- &#xE2A;&#xE48;&#xE27;&#xE19;&#xE17;&#xE35;&#xE48; 3 : &#xE2B;&#xE25;&#xE31;&#xE01;&#xE01;&#xE32;&#xE23;&#xE41;&#xE2B;&#xE48;&#xE07;&#xE21;&#xE32;&#xE19;&#xE38;&#xE29;&#xE22;&#xE18;&#xE34;&#xE1B;&#xE44;&#xE15;&#xE22; -- &#xE2B;&#xE25;&#xE31;&#xE01;&#xE01;&#xE32;&#xE23;&#xE40;&#xE2B;&#xE19;&#xE37;&#xE2D;&#xE01;&#xE32;&#xE23;&#xE1B;&#xE0F;&#xE34;&#xE1A;&#xE31;&#xE15;&#xE34; -- &#xE1E;&#xE25;&#xE31;&#xE07;&#xE41;&#xE2B;&#xE48;&#xE07;&#xE04;&#xE27;&#xE32;&#xE21;&#xE40;&#xE1B;&#xE47;&#xE19;&#xE40;&#xE08;&#xE49;&#xE32;&#xE02;&#xE2D;&#xE07; -- &#xE1E;&#xE25;&#xE31;&#xE07;&#xE41;&#xE2B;&#xE48;&#xE07;&#xE15;&#xE25;&#xE32;&#xE14; -- &#xE1E;&#xE25;&#xE31;&#xE07;&#xE41;&#xE2B;&#xE48;&#xE07;&#xE41;&#xE19;&#xE27;&#xE04;&#xE34;&#xE14;&#xE04;&#xE39;&#xE48;&#xE04;&#xE27;&#xE23;&#xE19;&#xE34;&#xE22;&#xE21; -- &#xE1E;&#xE25;&#xE31;&#xE07;&#xE41;&#xE2B;&#xE48;&#xE07;&#xE0A;&#xE38;&#xE21;&#xE0A;&#xE19; -- &#xE1E;&#xE25;&#xE31;&#xE07;&#xE41;&#xE2B;&#xE48;&#xE07;&#xE01;&#xE32;&#xE23;&#xE40;&#xE1B;&#xE34;&#xE14;&#xE01;&#xE27;&#xE49;&#xE32;&#xE07; -- &#xE1E;&#xE25;&#xE31;&#xE07;&#xE41;&#xE2B;&#xE48;&#xE07;&#xE01;&#xE32;&#xE23;&#xE17;&#xE14;&#xE25;&#xE2D;&#xE07; -- &#xE1E;&#xE25;&#xE31;&#xE07;&#xE41;&#xE2B;&#xE48;&#xE07;&#xE1E;&#xE32;&#xE23;&#xE21;&#xE14;&#xE47;&#xE2D;&#xE01;&#xE0B;&#xE4C; -- &#xE2A;&#xE48;&#xE27;&#xE19;&#xE17;&#xE35;&#xE48; 4 &#xE2B;&#xE19;&#xE17;&#xE32;&#xE07;&#xE2A;&#xE39;&#xE48;&#xE21;&#xE32;&#xE19;&#xE38;&#xE29;&#xE22;&#xE18;&#xE34;&#xE1B;&#xE44;&#xE15;&#xE22; -- &#xE21;&#xE34;&#xE0A;&#xE25;&#xE34;&#xE19; : &#xE01;&#xE49;&#xE32;&#xE27;&#xE41;&#xE23;&#xE01; -- &#xE40;&#xE23;&#xE34;&#xE48;&#xE21;&#xE17;&#xE35;&#xE48;&#xE19;&#xE35;&#xE48; -- &#xE02;&#xE22;&#xE32;&#xE22;&#xE1C;&#xE25;.</subfield>
  </datafield>
  <datafield tag="650" ind1=" " ind2="4">
    <subfield code="a">&#xE23;&#xE30;&#xE1A;&#xE1A;&#xE23;&#xE32;&#xE0A;&#xE01;&#xE32;&#xE23;</subfield>
    <subfield code="9">9393</subfield>
  </datafield>
  <datafield tag="650" ind1=" " ind2="4">
    <subfield code="a">&#xE1B;&#xE23;&#xE30;&#xE2A;&#xE34;&#xE17;&#xE18;&#xE34;&#xE1C;&#xE25;&#xE2D;&#xE07;&#xE04;&#xE4C;&#xE01;&#xE32;&#xE23;</subfield>
    <subfield code="9">207</subfield>
  </datafield>
  <datafield tag="650" ind1=" " ind2="4">
    <subfield code="a">&#xE27;&#xE31;&#xE12;&#xE19;&#xE18;&#xE23;&#xE23;&#xE21;&#xE2D;&#xE07;&#xE04;&#xE4C;&#xE01;&#xE32;&#xE23;</subfield>
    <subfield code="9">6518</subfield>
  </datafield>
  <datafield tag="653" ind1=" " ind2="4">
    <subfield code="a">&#xE01;&#xE32;&#xE23;&#xE40;&#xE1B;&#xE25;&#xE35;&#xE48;&#xE22;&#xE19;&#xE41;&#xE1B;&#xE25;&#xE07;&#xE2D;&#xE07;&#xE04;&#xE4C;&#xE01;&#xE32;&#xE23;</subfield>
  </datafield>
  <datafield tag="700" ind1="1" ind2=" ">
    <subfield code="a">Hamel, Gary</subfield>
    <subfield code="9">51058</subfield>
  </datafield>
  <datafield tag="700" ind1="1" ind2=" ">
    <subfield code="a">Zanini, Michele</subfield>
    <subfield code="9">63298</subfield>
  </datafield>
  <datafield tag="700" ind1="1" ind2=" ">
    <subfield code="a">&#xE0B;&#xE32;&#xE19;&#xE35;&#xE19;&#xE35;&#xE48;, &#xE21;&#xE34;&#xE40;&#xE04;&#xE40;&#xE25; </subfield>
    <subfield code="9">63299</subfield>
  </datafield>
  <datafield tag="700" ind1="0" ind2=" ">
    <subfield code="a">&#xE2A;&#xE38;&#xE27;&#xE34;&#xE0A;&#xE0A;&#xE32; &#xE08;&#xE31;&#xE19;&#xE17;&#xE23;</subfield>
    <subfield code="9">63300</subfield>
  </datafield>
  <datafield tag="942" ind1=" " ind2=" ">
    <subfield code="2">lcc</subfield>
    <subfield code="c">GB</subfield>
  </datafield>
  <datafield tag="996" ind1=" " ind2=" ">
    <subfield code="a">saiphon.d</subfield>
    <subfield code="b">CATSTF	</subfield>
    <subfield code="c">2024-03-08</subfield>
  </datafield>
  <datafield tag="999" ind1=" " ind2=" ">
    <subfield code="c">104678</subfield>
    <subfield code="d">104678</subfield>
  </datafield>
  <datafield tag="998" ind1=" " ind2=" ">
    <subfield code="j">111</subfield>
    <subfield code="k"> &#xE19;&#xE32;&#xE07;&#xE2A;&#xE32;&#xE27;&#xE1E;&#xE08;&#xE1E;&#xE34;&#xE13;  &#xE1E;&#xE23;&#xE21;&#xE40;&#xE2D;&#xE35;&#xE48;&#xE22;&#xE21;</subfield>
  </datafield>
  <datafield tag="952" ind1=" " ind2=" ">
    <subfield code="0">0</subfield>
    <subfield code="1">0</subfield>
    <subfield code="2">lcc</subfield>
    <subfield code="4">0</subfield>
    <subfield code="7">0</subfield>
    <subfield code="8">CGBL</subfield>
    <subfield code="a">NALT</subfield>
    <subfield code="b">NALT</subfield>
    <subfield code="c">GEN</subfield>
    <subfield code="d">2024-02-27</subfield>
    <subfield code="e">192</subfield>
    <subfield code="l">8</subfield>
    <subfield code="m">6</subfield>
    <subfield code="o">HM 806 &#xE2E;352&#xE2E; 2565</subfield>
    <subfield code="p">3961222613</subfield>
    <subfield code="r">2024-09-30 00:00:00</subfield>
    <subfield code="s">2024-09-16</subfield>
    <subfield code="w">2024-02-27</subfield>
    <subfield code="y">GB</subfield>
  </datafield>
</record>
